Advanced dairy chemistry V1A: proteins basic aspects Ed 4 (Record no. 165567)
[ view plain ]
| 000 -LEADER | |
|---|---|
| fixed length control field | 00716nam a2200241Ia 4500 |
| 003 - CONTROL NUMBER IDENTIFIER | |
| control field | OSt |
| 005 - DATE AND TIME OF LATEST TRANSACTION | |
| control field | 20230509105327.0 |
| 008 - FIXED-LENGTH DATA ELEMENTS--GENERAL INFORMATION | |
| fixed length control field | 210423s2013 xx 000 0 und d |
| 020 ## - INTERNATIONAL STANDARD BOOK NUMBER | |
| International Standard Book Number | 978-1-4614-4713-9 |
| 040 ## - CATALOGING SOURCE | |
| Transcribing agency | AL |
| 041 ## - LANGUAGE CODE | |
| Language code of text/sound track or separate title | eng |
| 082 ## - DEWEY DECIMAL CLASSIFICATION NUMBER | |
| Classification number | 637.1 MCSA |
| 100 ## - MAIN ENTRY--PERSONAL NAME | |
| Personal name | MCSWEENEY (Paul L H);FOX (Patrick F),Ed |
| 9 (RLIN) | 100471 |
| 245 ## - TITLE STATEMENT | |
| Title | Advanced dairy chemistry V1A: proteins basic aspects Ed 4 |
| 250 ## - EDITION STATEMENT | |
| Edition statement | 4 |
| 260 ## - PUBLICATION, DISTRIBUTION, ETC. | |
| Place of publication, distribution, etc. | New Delhi |
| Name of publisher, distributor, etc. | Springer Pvt Ltd |
| Date of publication, distribution, etc. | 2013 |
| 300 ## - PHYSICAL DESCRIPTION | |
| Extent | xvii,548 |
| Other physical details | HB |
| 365 ## - TRADE PRICE | |
| Price amount | 15193.53 |
| Currency code | EUR |
| 650 ## - SUBJECT ADDED ENTRY--TOPICAL TERM | |
| Topical term or geographic name entry element | Agriculture |
| 9 (RLIN) | 100472 |
| 650 ## - SUBJECT ADDED ENTRY--TOPICAL TERM | |
| Topical term or geographic name entry element | Dairy Products Processing |
| 9 (RLIN) | 100473 |
| 906 ## - LOCAL DATA ELEMENT F, LDF (RLIN) | |
| a | Advanced ; aspects ; basic ; chemistry ; dairy ; Ed ; proteins ; V1A: |
| 942 ## - ADDED ENTRY ELEMENTS (KOHA) | |
| Source of classification or shelving scheme | Dewey Decimal Classification |
| Koha item type | Book |
| Withdrawn status | Lost status | Damaged status | Not for loan | Collection code | Home library | Current library | Date acquired | Source of acquisition | Cost, normal purchase price | Total Checkouts | Full call number | Barcode | Date last seen | Price effective from | Koha item type |
|---|---|---|---|---|---|---|---|---|---|---|---|---|---|---|---|
| Food Science and Technology | St Aloysius PG Library | St Aloysius PG Library | 02/21/2014 | Intact Bookhouse | 15193.53 | 637.1 MCSA | PG012065 | 08/24/2022 | 04/26/2021 | Reference |